Programové vybavenie pre riadenie doplnkových služieb ISDN digitálneho telefónného terminálu : Diplomová práca /

Gespeichert in:
Bibliographische Detailangaben
1. Verfasser: Király, Gabriel (Verfasst von)
Weitere Verfasser: Vilinský, Pavol (Betreuung Doktorarbeit)
Format: Manuskript Buch
Veröffentlicht: Bratislava : STU v Bratislave FEI, 1997
Schlagworte:
Tags: Tag hinzufügen
Keine Tags, Fügen Sie das erste Tag hinzu!

MARC

LEADER 00000ntm a22000003a 4500
001 stu9877
005 20160719164949.7
008 970626s1997----------------------------d
040 |a STU  |b slo 
041 0
100 1 |a Király, Gabriel  |4 aut 
245 1 |a Programové vybavenie pre riadenie doplnkových služieb ISDN digitálneho telefónného terminálu :  |b Diplomová práca /  |c [aut.] Király,Gabriel; Škol. Vilinský,Pavol 
260 |a Bratislava :  |b STU v Bratislave FEI,  |c 1997 
300 |a 58 s :  |b príl 
650 7 |a informatika  |2 stusub 
700 1 |a Vilinský, Pavol  |4 ths